Most used words in country names - Statistics

General Stats
  • This quiz has been taken 51 times
    47 since last reset
  • The average score is 7 of 12
Answer Stats
Number of countries with that word Answer % Correct
2 North
91%
3 South
91%
4 Republic
84%
3 United
82%
2 States
64%
4 Guinea
61%
2 New
55%
2 Korea
48%
3 Saint
48%
2 Congo
41%
2 Islands
41%
2 Sudan
41%
No matching quizzes found
Score Distribution
Percent of People with Each Score
Percentile by Number Answered
Your Score History
You have not taken this quiz since the last reset